Statistics for Countries Closest to Cabo Verde - One Minute Sprint

Click here to take the quiz!

General Stats

  • This quiz has been taken 36 times
  • The average score is 17 of 22

Answer Stats

kmCountrymiles% Correct
1871Algeria1163
93%
658Mauritania409
93%
571Senegal355
93%
756Western Sahara /
Morocco
470
93%
700Gambia435
87%
1266Sierra Leone786
87%
2638Benin1639
83%
996Guinea619
83%
1129Mali702
83%
2456Niger1526
83%
1857Portugal1154
83%
2527Togo1570
83%
2242Ghana1393
80%
758Guinea-Bissau471
80%
1574Liberia978
80%
1304Spain810
80%
1711Cote d'Ivoire1063
77%
1923Burkina Faso1195
73%
2863Nigeria1779
73%
3492Libya2170
57%
2520Brazil1566
33%
3355Suriname2084
17%

Score Distribution

Percentile by Number Answered

Percent of People with Each Score

Your Score History

You have not taken this quiz